000 00762nam a2200241 a 4500
001 BRL_1264
005 20190320211122.0
008 091213s1970----mx-abeo###---#000-0#spa-#
041 _aspa
044 _amx
050 4 _aF1219.1.C5
_b.P76 1970
245 1 0 _aProyecto Cholula
_cIgnacio Marquina coordinador.
260 _aMéxico
_bInstituto Nacional de Antropología e Historia
_c1970
300 _a272 p.
_bil., mapas, planos plegables
_c27 cm.
_e+ 2 planos
440 0 _aInvestigaciones
_v19
_926316
500 _aAu1452
504 _aBibliografía: p. 267-269
650 1 4 _aEscavaciones arqueológicas
_zCholula (Puebla)
_926317
651 4 _aCholula (Puebla)
_926318
700 1 _aMarquina, Ignacio
_d1888-1981
_926319
902 _aGRL
942 _2lcc
_cB
999 _c10076
_d10076